[Event "BL 0809 SC Kreuzberg - Werder Bremen"]
[Site "?"]
[Date "2008.10.05"]
[Round "2.6"]
[White "Richter, Michael"]
[Black "Babula, Vlastimil"]
[Result "1-0"]
[WhiteElo "2422"]
[BlackElo "2597"]
[PlyCount "31"]
[EventDate "2008.??.??"]

1. d4 Nf6 2. Nf3 e6 3. e3 c5 4. Bd3 cxd4 5. exd4 b6 6. O-O Be7 7. c4 d5 8. cxd5
Nxd5 9. Nc3 Bb7 10. Ne5 O-O 11. Qh5 Nf6 12. Qh4 Nc6 13. Bg5 g6 14. Ba6 h6 15.
Bxh6 Nd5 16. Qh3 1-0

[Event "BL 0809 SC Kreuzberg - Werder Bremen"]
[Site "?"]
[Date "2008.10.05"]
[Round "2.7"]
[White "Fish, Gennadij"]
[Black "Kalinitschew, Sergey"]
[Result "1/2-1/2"]
[WhiteElo "2531"]
[BlackElo "2456"]
[PlyCount "67"]
[EventDate "2008.??.??"]

1. d4 Nf6 2. c4 g6 3. Nc3 d5 4. Nf3 Bg7 5. e3 O-O 6. b4 b6 7. Qb3 e6 8. Be2
dxc4 9. Qxc4 Ba6 10. b5 Bb7 11. a4 c5 12. dxc5 bxc5 13. O-O Nbd7 14. Rd1 Qc7
15. Bb2 Rac8 16. Qh4 h6 17. a5 Ba8 18. Qg3 Nd5 19. Qxc7 Rxc7 20. Rac1 Rb8 21.
Na4 Nb4 22. Bxg7 Kxg7 23. Rd6 Bxf3 24. gxf3 g5 25. Kg2 Kf6 26. b6 axb6 27. axb6
Rcb7 28. Bb5 Nxb6 29. Nxc5 Ra7 30. Rb1 Ke7 31. Rd2 N6d5 32. Bc4 Rc7 33. Bxd5
Rxc5 34. Rdb2 1/2-1/2

[Event "BL 0809 SC Kreuzberg - Werder Bremen"]
[Site "?"]
[Date "2008.10.05"]
[Round "2.8"]
[White "Tischbierek, Raj"]
[Black "Knaak, Rainer"]
[Result "0-1"]
[WhiteElo "2459"]
[BlackElo "2477"]
[PlyCount "60"]
[EventDate "2008.??.??"]

1. e4 Nc6 2. Nc3 e6 3. d4 Bb4 4. Nf3 d6 5. Bb5 Bd7 6. O-O Nge7 7. Ne2 O-O 8.
Ng3 Ne5 9. a4 Nxf3+ 10. Qxf3 c6 11. Bd3 e5 12. c3 Ba5 13. Qh5 Be6 14. f4 f6 15.
Be3 Bb6 16. Qe2 exd4 17. cxd4 f5 18. Bf2 Qd7 19. a5 Bc7 20. exf5 Nxf5 21. Ne4
Rae8 22. Qc2 g6 23. a6 b6 24. Rac1 d5 25. Qxc6 Qxc6 26. Rxc6 dxe4 27. Bxe4 Bxf4
28. Rxe6 Rxe6 29. Bd5 Rfe8 30. g3 Be3 0-1

[Event "BL 0809 USV TU Dresden - Turm Emsdetten"]
[Site "?"]
[Date "2008.10.05"]
[Round "2.2"]
[White "Roos, Michael"]
[Black "Feygin, Michael"]
[Result "0-1"]
[WhiteElo "2367"]
[BlackElo "2569"]
[PlyCount "52"]
[EventDate "2008.??.??"]

1. Nf3 d5 2. d4 c5 3. c4 e6 4. cxd5 exd5 5. Nc3 Nc6 6. g3 Nf6 7. Bg2 Be7 8. O-O
O-O 9. Bg5 cxd4 10. Nxd4 h6 11. Be3 Bg4 12. Qa4 Na5 13. Rad1 Nc4 14. Bc1 Nb6
15. Qb3 Qd7 16. Be3 Bc5 17. Nc2 Rac8 18. Bxc5 Rxc5 19. Ne3 Rxc3 20. bxc3 Bxe2
21. Rd4 Bxf1 22. Kxf1 Re8 23. a4 Qe7 24. Bf3 Qc5 25. Qb4 Qc7 26. Bxd5 Rxe3 0-1

[Event "BL 0809 USV TU Dresden - Turm Emsdetten"]
[Site "?"]
[Date "2008.10.05"]
[Round "2.3"]
[White "Janssen, Ruud"]
[Black "Gauglitz, Gernot"]
[Result "1-0"]
[WhiteElo "2503"]
[BlackElo "2397"]
[PlyCount "81"]
[EventDate "2008.??.??"]

1. Nf3 Nf6 2. c4 c6 3. Nc3 d5 4. e3 e6 5. b3 Nbd7 6. Bb2 Bd6 7. d4 O-O 8. Bd3
dxc4 9. bxc4 e5 10. O-O exd4 11. exd4 Re8 12. Qc2 Nf8 13. Rfe1 Rxe1+ 14. Rxe1
Ng6 15. c5 Bf8 16. Bc4 Nd5 17. Nxd5 cxd5 18. Bd3 b6 19. Bc1 bxc5 20. dxc5 Qc7
21. Be3 Bg4 22. Nd2 Re8 23. Rc1 Qe5 24. Nb3 Qh5 25. h3 Bc8 26. Nd4 Nh4 27. Qe2
Qe5 28. Bb5 Qe4 29. Qf1 Qg6 30. Kh2 Re5 31. Bd3 Qf6 32. g3 Nf3+ 33. Nxf3 Qxf3
34. Be2 Qe4 35. Qd1 Qg6 36. Bg4 Bxg4 37. Qxg4 Qd3 38. Qd4 Qf5 39. Qf4 Qe6 40.
c6 Re4 41. Qb8 1-0

[Event "BL 0809 USV TU Dresden - Turm Emsdetten"]
[Site "?"]
[Date "2008.10.05"]
[Round "2.4"]
[White "Seifert, Volker"]
[Black "Spoelman, Wouter"]
[Result "0-1"]
[WhiteElo "2360"]
[BlackElo "2448"]
[PlyCount "82"]
[EventDate "2008.??.??"]

1. d4 Nf6 2. c4 e6 3. Nc3 Bb4 4. Qc2 O-O 5. a3 Bxc3+ 6. Qxc3 b6 7. Bg5 Bb7 8.
e3 h6 9. Bh4 d6 10. Ne2 Nbd7 11. Qd3 c5 12. Nc3 Qe7 13. Be2 cxd4 14. Qxd4 e5
15. Qd1 Bxg2 16. Rg1 Bc6 17. Bg4 g5 18. Bf5 Kh8 19. Bg3 Nc5 20. f3 Rg8 21. Qe2
e4 22. fxe4 Nfxe4 23. O-O-O Nxc3 24. bxc3 Qf6 25. Rxd6 Qxc3+ 26. Kb1 Be4+ 27.
Bxe4 Nxe4 28. Rd3 Qxc4 29. Qb2+ f6 30. Rd4 Qe6 31. Rgd1 Rac8 32. Be1 Rge8 33.
Ka1 Qe5 34. Bb4 a5 35. Be1 Rc6 36. Qb3 Rec8 37. Qf7 Nd6 38. Qg6 Nf5 39. Bc3 Qe7
40. Bb2 Nxd4 41. Rxd4 Qh7 0-1

[Event "BL 0809 USV TU Dresden - Turm Emsdetten"]
[Site "?"]
[Date "2008.10.05"]
[Round "2.5"]
[White "Pruijssers, Roeland"]
[Black "Hoffmann, Paul"]
[Result "1-0"]
[WhiteElo "2452"]
[BlackElo "2374"]
[PlyCount "77"]
[EventDate "2008.??.??"]

1. d4 e6 2. e4 d5 3. Nc3 Nf6 4. e5 Nfd7 5. f4 c5 6. Nf3 a6 7. Be3 Qb6 8. a3 Nc6
9. b3 Qa7 10. Qd2 cxd4 11. Nxd4 Bc5 12. Rd1 O-O 13. b4 Bxd4 14. Bxd4 Nxd4 15.
Qxd4 Qxd4 16. Rxd4 g5 17. g3 b5 18. Kd2 Bb7 19. a4 bxa4 20. Nxa4 f6 21. exf6
Rxf6 22. Bh3 e5 23. Rd3 e4 24. Rd4 Nb8 25. Nc5 Bc6 26. Be6+ Kh8 27. c4 gxf4 28.
gxf4 Ra7 29. cxd5 Bb5 30. Rg1 Rg7 31. Rxg7 Kxg7 32. Rxe4 Rg6 33. h3 Rg2+ 34.
Kc3 Rg3+ 35. Kd4 Kf6 36. Bg4 h5 37. Re6+ Kg7 38. Bxh5 Rxh3 39. Be8 1-0

[Event "BL 0809 USV TU Dresden - Turm Emsdetten"]
[Site "?"]
[Date "2008.10.05"]
[Round "2.6"]
[White "Eichner, Sebastian"]
[Black "Brandenburg, Daan"]
[Result "0-1"]
[WhiteElo "2326"]
[BlackElo "2431"]
[PlyCount "92"]
[EventDate "2008.??.??"]

1. Nf3 Nf6 2. c4 c5 3. Nc3 e6 4. g3 b6 5. Bg2 Bb7 6. O-O Be7 7. Re1 d6 8. e4 a6
9. d4 cxd4 10. Nxd4 Qc7 11. Be3 Nbd7 12. f4 Rc8 13. Rc1 Qb8 14. Qe2 O-O 15. f5
e5 16. Nb3 g6 17. Bh6 Rfe8 18. Bh3 Rc7 19. Rf1 b5 20. fxg6 hxg6 21. Nd5 Rxc4
22. Rxc4 Bxd5 23. Rcc1 Bc4 24. Rxc4 bxc4 25. Bxd7 Qa7+ 26. Kg2 Qxd7 27. Qxc4
Rc8 28. Qd3 Qb5 29. Qxb5 axb5 30. Bg5 Rc2+ 31. Kg1 Kg7 32. Bxf6+ Bxf6 33. Rf2
Rc4 34. Re2 Bd8 35. g4 d5 36. exd5 Rxg4+ 37. Kf2 e4 38. Ke1 Bb6 39. Kd2 Kf6 40.
Kc3 e3 41. Na1 Ke5 42. Nc2 Ke4 43. d6 Rg5 44. Kb4 Rd5 45. Re1 f5 46. Na3 Bc5+
0-1

[Event "BL 0809 USV TU Dresden - Turm Emsdetten"]
[Site "?"]
[Date "2008.10.05"]
[Round "2.7"]
[White "Giri, Anish"]
[Black "Graf, Felix"]
[Result "1/2-1/2"]
[WhiteElo "2430"]
[BlackElo "2256"]
[PlyCount "150"]
[EventDate "2008.??.??"]

1. e4 e6 2. d4 d5 3. Nc3 Nf6 4. e5 Nfd7 5. f4 c5 6. Nf3 Nc6 7. Be3 a6 8. Qd2 b5
9. a3 Qa5 10. Ra2 Qb6 11. g3 f6 12. exf6 Nxf6 13. Bg2 Ra7 14. Ne2 Ne4 15. Qd1
c4 16. O-O Bd6 17. Ne5 Nxe5 18. fxe5 Bxe5 19. Nc3 Nf6 20. a4 Bb8 21. axb5 axb5
22. Rxa7 Qxa7 23. Nxb5 Qb6 24. Nc3 O-O 25. Qd2 Bd6 26. Nd1 Ng4 27. Bh3 Rxf1+
28. Kxf1 Nxe3+ 29. Qxe3 Be7 30. c3 Bd7 31. Nf2 Bf6 32. Qe2 Qd6 33. Kg1 Kf8 34.
Bg2 Be8 35. Bf3 Bg6 36. Ng4 Bf5 37. Ne5 Bxe5 38. Qxe5 Qxe5 39. dxe5 Ke7 40. Kf2
Kd7 41. Ke3 Kc6 42. Kd4 h6 43. Bh5 g6 44. Bd1 Kb5 45. h4 g5 46. hxg5 hxg5 47.
Bh5 Bh3 48. Bf3 Ka4 49. Bd1+ Kb5 50. b3 cxb3 51. Bxb3 Kc6 52. Bd1 Bf5 53. Bf3
Kd7 54. Kc5 Ke7 55. Kb6 Be4 56. Bh5 Bg2 57. Be2 Be4 58. Kc5 Kd7 59. Kd4 Bf5 60.
Kc5 Be4 61. Bg4 Bg6 62. c4 dxc4 63. Kxc4 Bf5 64. Bf3 Kc7 65. Kc5 Kd7 66. Be2
Ke7 67. Bb5 Bg4 68. Kd4 Kf7 69. Ke4 Ke7 70. Ke3 Kf7 71. Bd3 Ke7 72. Be4 Kf7 73.
Bf3 Bf5 74. Be2 Ke7 75. Bf3 Kd7 1/2-1/2

[Event "BL 0809 USV TU Dresden - Turm Emsdetten"]
[Site "?"]
[Date "2008.10.05"]
[Round "2.8"]
[White "Baier, Silvio"]
[Black "Kabatianski, Alexandr"]
[Result "1/2-1/2"]
[WhiteElo "2247"]
[BlackElo "2436"]
[PlyCount "51"]
[EventDate "2008.??.??"]

1. e4 c5 2. Nf3 e6 3. c3 d5 4. exd5 Qxd5 5. d4 Nf6 6. Na3 Qd8 7. Nc4 Nc6 8.
Nce5 cxd4 9. Bb5 Bd7 10. Nxd7 Nxd7 11. Nxd4 Qc7 12. Qa4 Rc8 13. Be3 Be7 14. O-O
O-O 15. Nf3 Nb6 16. Qe4 Rfe8 17. Ng5 Bxg5 18. Bxg5 Nd5 19. c4 Nde7 20. Rfd1 Nf5
21. Bxc6 Qxc6 22. Qxc6 Rxc6 23. b3 f6 24. Be3 Nxe3 25. fxe3 Kf7 26. Rd7+
1/2-1/2

[Event "BL 0809 SV Mülheim Nord - SV Wattensche"]
[Site "?"]
[Date "2008.10.05"]
[Round "2.3"]
[White "Rustemov, Alexander"]
[Black "Tregubov, Pavel V"]
[Result "1/2-1/2"]
[WhiteElo "2547"]
[BlackElo "2658"]
[PlyCount "43"]
[EventDate "2008.??.??"]

1. c4 e6 2. d4 d5 3. Nf3 c6 4. Bg5 Be7 5. Bxe7 Qxe7 6. Qc2 Nf6 7. e3 O-O 8. Nc3
c5 9. cxd5 exd5 10. dxc5 Qxc5 11. Be2 Nc6 12. O-O d4 13. Nxd4 Nxd4 14. exd4
Qxd4 15. Rfd1 Qe5 16. Qa4 a6 17. Bf3 Rb8 18. Qd4 Qxd4 19. Rxd4 Be6 20. Rad1
Rfc8 21. h3 Kf8 22. a3 1/2-1/2

[Event "BL 0809 SV Mülheim Nord - SV Wattensche"]
[Site "?"]
[Date "2008.10.05"]
[Round "2.4"]
[White "Landa, Konstantin"]
[Black "Czarnota, Pawel"]
[Result "1-0"]
[WhiteElo "2615"]
[BlackElo "2526"]
[PlyCount "71"]
[EventDate "2008.??.??"]

1. e4 c5 2. Nf3 d6 3. d4 cxd4 4. Nxd4 Nf6 5. Nc3 Nc6 6. Bg5 e6 7. Qd2 a6 8.
O-O-O Bd7 9. f3 Be7 10. h4 h6 11. Be3 h5 12. Bg5 Ne5 13. Qe1 Qc7 14. f4 Neg4
15. g3 b5 16. a3 Rb8 17. Bh3 Qc5 18. e5 b4 19. axb4 Qxb4 20. Nb3 a5 21. Rd4 Qb7
22. Bxg4 hxg4 23. exf6 gxf6 24. Ne4 fxg5 25. hxg5 Rg8 26. Qxa5 Rc8 27. Kb1 d5
28. Nf6+ Bxf6 29. gxf6 Qc7 30. Qxc7 Rxc7 31. Nc1 Kd8 32. Nd3 Rg6 33. Rh8+ Be8
34. Rb4 Rc8 35. Rb7 Rxf6 36. Ne5 1-0

[Event "BL 0809 SV Mülheim Nord - SV Wattensche"]
[Site "?"]
[Date "2008.10.05"]
[Round "2.5"]
[White "Appel, Ralf"]
[Black "Fridman, Daniel"]
[Result "0-1"]
[WhiteElo "2541"]
[BlackElo "2637"]
[PlyCount "68"]
[EventDate "2008.??.??"]

1. Nf3 d5 2. d4 Nf6 3. c4 c6 4. Qb3 e6 5. g3 dxc4 6. Qxc4 b5 7. Qb3 Bb7 8. Bg2
Nbd7 9. O-O a6 10. Ne5 Nxe5 11. dxe5 Nd7 12. Rd1 Qb6 13. Be3 c5 14. Bxb7 Qxb7
15. f4 c4 16. Qc3 Rc8 17. Bd4 Be7 18. Nd2 O-O 19. Qe3 Nc5 20. h4 Rfd8 21. Rac1
Rd5 22. Kh2 Rcd8 23. Nf3 h6 24. Rd2 R5d7 25. Rdc2 Ne4 26. b3 c3 27. f5 b4 28.
f6 gxf6 29. exf6 Bxf6 30. Bxf6 Nxf6 31. Qf4 Kg7 32. a3 a5 33. axb4 axb4 34. Rf1
Qe4 0-1

[Event "BL 0809 SV Mülheim Nord - SV Wattensche"]
[Site "?"]
[Date "2008.10.05"]
[Round "2.6"]
[White "Potkin, Vladimir"]
[Black "Holzke, Frank Dr"]
[Result "1/2-1/2"]
[WhiteElo "2629"]
[BlackElo "2516"]
[PlyCount "49"]
[EventDate "2008.??.??"]

1. d4 d5 2. c4 c6 3. Nc3 dxc4 4. e3 b5 5. a4 b4 6. Ne4 Qd5 7. Nd2 c3 8. bxc3
bxc3 9. Ndf3 e6 10. Bd3 Qa5 11. Qe2 Nd7 12. Nh3 Ngf6 13. O-O Bd6 14. Ba3 Bxa3
15. Rxa3 O-O 16. Qc2 c5 17. Nhg5 h6 18. Nh7 Nxh7 19. Bxh7+ Kh8 20. Be4 Rb8 21.
Rxc3 Ba6 22. Rc1 c4 23. Bc6 Nb6 24. Ne5 Rbc8 25. h3 1/2-1/2

[Event "BL 0809 SV Mülheim Nord - SV Wattensche"]
[Site "?"]
[Date "2008.10.05"]
[Round "2.7"]
[White "Handke, Florian"]
[Black "Golod, Vitali"]
[Result "1/2-1/2"]
[WhiteElo "2498"]
[BlackElo "2578"]
[PlyCount "26"]
[EventDate "2008.??.??"]

1. e4 c5 2. Nf3 Nc6 3. Bb5 e6 4. O-O Nge7 5. Re1 a6 6. Bf1 d5 7. exd5 Nxd5 8.
d4 Nf6 9. Be3 Be7 10. h3 Nd5 11. Bc1 Nf6 12. Be3 Nd5 13. Bc1 Nf6 1/2-1/2

[Event "BL 0809 SV Mülheim Nord - SV Wattensche"]
[Site "?"]
[Date "2008.10.05"]
[Round "2.8"]
[White "Malakhatko, Vadim"]
[Black "Dinstuhl, Volkmar Dr"]
[Result "1-0"]
[WhiteElo "2612"]
[BlackElo "2436"]
[PlyCount "57"]
[EventDate "2008.??.??"]

1. d4 Nf6 2. c4 e6 3. Nf3 b6 4. g3 Ba6 5. b3 b5 6. cxb5 Bxb5 7. Bg2 Bb4+ 8. Bd2
a5 9. Bxb4 axb4 10. Qd2 Qe7 11. Qg5 d5 12. Qxg7 Rg8 13. Qh6 Nc6 14. Qd2 Ne4 15.
Qb2 Kd7 16. O-O Rgb8 17. Re1 Ra7 18. Nbd2 f5 19. Nxe4 fxe4 20. Nh4 Qf6 21. e3
Rba8 22. f3 exf3 23. Bxf3 Ra3 24. Qd2 R8a5 25. Bg2 Qh8 26. Qf2 Qa8 27. Qf7+ Ne7
28. Bh3 Qa6 29. Nf3 1-0

[Event "BL 0809 SF Katernberg - Solinger SG"]
[Site "?"]
[Date "2008.10.05"]
[Round "2.3"]
[White "Smeets, Jan"]
[Black "L'Ami, Erwin"]
[Result "1/2-1/2"]
[WhiteElo "2593"]
[BlackElo "2610"]
[PlyCount "120"]
[EventDate "2008.??.??"]

1. e4 c6 2. d4 d5 3. Nd2 dxe4 4. Nxe4 Bf5 5. Ng3 Bg6 6. h4 h6 7. Nf3 Nd7 8. h5
Bh7 9. Bd3 Bxd3 10. Qxd3 e6 11. Bd2 Ngf6 12. O-O-O Be7 13. Qe2 c5 14. Rhe1 Rc8
15. d5 Nxd5 16. c4 N5f6 17. Nh4 O-O 18. Ng6 Re8 19. Nxe7+ Qxe7 20. Bc3 Red8 21.
Nf5 Qf8 22. Nd6 Rc6 23. Nxb7 Rb8 24. Qf3 Rb6 25. Na5 Qc8 26. Rd2 Qc7 27. Red1
Rc8 28. Nb3 Rbb8 29. g4 a5 30. Nxa5 Ra8 31. Kb1 Nf8 32. Nb7 Ne8 33. b3 e5 34.
Nd6 Nxd6 35. Rxd6 f6 36. Qd5+ Kh8 37. f4 Qa7 38. Rd2 exf4 39. g5 Re8 40. Rh2
Re3 41. Qd2 hxg5 42. h6 Re6 43. Rd5 Kg8 44. Rxg5 fxg5 45. hxg7 Nh7 46. Qd3 Nf6
47. Qf5 Kf7 48. g8=Q+ Rxg8 49. Rh7+ Rg7 50. Rxg7+ Kxg7 51. Qxe6 Qf7 52. Qe5 Kg6
53. a4 f3 54. Bd2 Nh7 55. Be3 f2 56. Qe4+ Kg7 57. Qe5+ Kg6 58. Qd6+ Kg7 59.
Qe5+ Kg6 60. Qd6+ Kg7 1/2-1/2

[Event "BL 0809 SF Katernberg - Solinger SG"]
[Site "?"]
[Date "2008.10.05"]
[Round "2.4"]
[White "Glek, Igor V"]
[Black "Jussupow, Artur"]
[Result "1/2-1/2"]
[WhiteElo "2512"]
[BlackElo "2587"]
[PlyCount "32"]
[EventDate "2008.??.??"]

1. e4 e5 2. Nf3 Nc6 3. Bb5 g6 4. c3 a6 5. Ba4 d6 6. Bxc6+ bxc6 7. d4 f6 8. O-O
Bg7 9. Be3 Ne7 10. Nbd2 h6 11. Ne1 O-O 12. Nd3 g5 13. Re1 Kh8 14. dxe5 fxe5 15.
Qh5 Qe8 16. Qxe8 Rxe8 1/2-1/2

[Event "BL 0809 SF Katernberg - Solinger SG"]
[Site "?"]
[Date "2008.10.05"]
[Round "2.5"]
[White "Buhmann, Rainer"]
[Black "Seel, Christian"]
[Result "1/2-1/2"]
[WhiteElo "2561"]
[BlackElo "2494"]
[PlyCount "64"]
[EventDate "2008.??.??"]

1. Nf3 Nf6 2. c4 c6 3. d4 d5 4. Nc3 a6 5. e3 b5 6. b3 Bg4 7. Be2 e6 8. Bb2 Nbd7
9. h3 Bh5 10. O-O Bd6 11. Ne5 Bxe2 12. Nxe2 Qc7 13. cxd5 cxd5 14. Rc1 Qb8 15.
Nxd7 Kxd7 16. f3 Qb7 17. Qd3 Ke7 18. Nc3 b4 19. Na4 Qb5 20. Qd2 Rhc8 21. Rc2
Rxc2 22. Qxc2 Ra7 23. e4 Rc7 24. Qf2 Bf4 25. Nc5 Nd7 26. Bc1 Bd6 27. Qh4+ Ke8
28. Nxd7 Kxd7 29. e5 Be7 30. Bg5 Bf8 31. Qf4 Ke8 32. Rc1 Rc3 1/2-1/2

[Event "BL 0809 SF Katernberg - Solinger SG"]
[Site "?"]
[Date "2008.10.05"]
[Round "2.7"]
[White "Ernst, Sipke"]
[Black "Ris, Robert"]
[Result "1-0"]
[WhiteElo "2581"]
[BlackElo "2415"]
[PlyCount "97"]
[EventDate "2008.??.??"]

1. d4 Nf6 2. c4 g6 3. Nc3 d5 4. cxd5 Nxd5 5. e4 Nxc3 6. bxc3 Bg7 7. Nf3 c5 8.
Rb1 O-O 9. Be2 cxd4 10. cxd4 Qa5+ 11. Qd2 Qxd2+ 12. Bxd2 b6 13. O-O e6 14. Bb4
Rd8 15. Rbc1 Ba6 16. Bxa6 Nxa6 17. Be7 Rd7 18. Bg5 h6 19. Be3 Rad8 20. Rc4 Nc7
21. Rfc1 Ne8 22. e5 g5 23. g4 f6 24. Kg2 Kf7 25. R1c3 Rb7 26. Rc6 Rd5 27. Bc1
Rbd7 28. h4 Ra5 29. hxg5 hxg5 30. a3 Rad5 31. Kg3 Ra5 32. Kg2 Rad5 33. Kh3 Ra5
34. Rc8 Ke7 35. R8c6 Kf7 36. Nxg5+ fxg5 37. Rf3+ Kg8 38. Rc8 Rxd4 39. Rxe8+ Kh7
40. Rf7 Rd1 41. Ree7 Rxc1 42. Rxg7+ Kh8 43. Rxg5 Rxa3+ 44. Kg2 Rc6 45. Reg7 Ra2
46. Rg8+ Kh7 47. R5g7+ Kh6 48. Kg3 Rc3+ 49. f3 1-0

[Event "BL 0809 SF Katernberg - Solinger SG"]
[Site "?"]
[Date "2008.10.05"]
[Round "2.8"]
[White "Scholz, Christian"]
[Black "Hoffmann, Michael"]
[Result "1/2-1/2"]
[WhiteElo "2372"]
[BlackElo "2469"]
[PlyCount "80"]
[EventDate "2008.??.??"]

1. d4 Nf6 2. c4 g6 3. Nc3 d5 4. Bf4 Bg7 5. Rc1 Nh5 6. Bg5 h6 7. Bh4 dxc4 8. e3
Be6 9. Be2 Nf6 10. Nf3 c6 11. Ne5 b5 12. O-O Nd5 13. Ne4 Nd7 14. Nd6+ Kf8 15.
Nb7 Qc8 16. Nxd7+ Bxd7 17. Nc5 Kg8 18. b3 cxb3 19. Qxb3 e6 20. Rc2 Kh7 21. Rfc1
a6 22. a4 Be8 23. Ne4 Qb8 24. Bg3 Qd8 25. Nd6 Qa5 26. Nxe8 Rhxe8 27. Rxc6 Qxa4
28. Qxa4 bxa4 29. Bd6 Bf8 30. Bxf8 Rxf8 31. e4 Nb4 32. R6c4 a5 33. Ra1 Rfc8 34.
Rxa4 Rxc4 35. Bxc4 Rd8 36. d5 exd5 37. exd5 Rc8 38. Bf1 Rc5 39. d6 Rd5 40. d7
Rxd7 1/2-1/2

[Event "BL 0809 Bayern München - Solinger SG"]
[Site "?"]
[Date "2008.11.29"]
[Round "5.1"]
[White "Stellwagen, Daniel"]
[Black "Marcelin, Cyril"]
[Result "1/2-1/2"]
[WhiteElo "2605"]
[BlackElo "2494"]
[PlyCount "64"]
[EventDate "2008.??.??"]

1. e4 e5 2. Nf3 Nc6 3. Bb5 Nf6 4. O-O Nxe4 5. d4 Nd6 6. Bxc6 dxc6 7. dxe5 Nf5
8. Qxd8+ Kxd8 9. Nc3 Ke8 10. h3 Be7 11. g4 Nh4 12. Nxh4 Bxh4 13. Ne4 h5 14. f3
hxg4 15. hxg4 f5 16. exf6 gxf6 17. Bd2 f5 18. Bc3 Rg8 19. Nf6+ Bxf6 20. Bxf6
fxg4 21. Rae1+ Kf7 22. fxg4 Rxg4+ 23. Kh2 Be6 24. Bh4+ Kg8 25. Rxe6 Rxh4+ 26.
Kg3 Rh7 27. Rf4 Rg7+ 28. Kf3 Rd8 29. Rb4 Rf8+ 30. Ke3 Rg3+ 31. Ke2 Rg2+ 32. Ke3
Rg3+ 1/2-1/2

[Event "BL 0809 Bayern München - Solinger SG"]
[Site "?"]
[Date "2008.11.29"]
[Round "5.3"]
[White "Sandipan, Chanda"]
[Black "Belezky, Alexander"]
[Result "1-0"]
[WhiteElo "2579"]
[BlackElo "2466"]
[PlyCount "51"]
[EventDate "2008.??.??"]

1. e4 c5 2. Nf3 d6 3. d4 cxd4 4. Nxd4 Nf6 5. Nc3 g6 6. Be3 Bg7 7. f3 Nc6 8. Qd2
O-O 9. O-O-O Nxd4 10. Bxd4 Be6 11. Kb1 Qc7 12. Nb5 Qb8 13. g4 Rc8 14. h4 a6 15.
Nc3 b5 16. h5 Qc7 17. hxg6 hxg6 18. Ne2 d5 19. e5 Nd7 20. Nf4 Nxe5 21. Qh2 Kf8
22. Re1 Ke8 23. Nxe6 fxe6 24. Bxe5 Bxe5 25. Rxe5 Kd7 26. Qe2 1-0

[Event "BL 0809 Bayern München - Solinger SG"]
[Site "?"]
[Date "2008.11.29"]
[Round "5.4"]
[White "Meissner, Bernd"]
[Black "Buhmann, Rainer"]
[Result "1/2-1/2"]
[WhiteElo "2418"]
[BlackElo "2541"]
[PlyCount "55"]
[EventDate "2008.??.??"]

1. d4 d5 2. c4 c6 3. cxd5 cxd5 4. Nc3 Nf6 5. Bf4 Nc6 6. Nf3 a6 7. e3 Bg4 8. h3
Bxf3 9. Qxf3 e6 10. Bd3 Bd6 11. Bg5 Be7 12. O-O O-O 13. Rfc1 Rc8 14. a3 Nd7 15.
Bxe7 Qxe7 16. Na4 b5 17. Nc3 Nb6 18. a4 Nb4 19. Qe2 bxa4 20. Bxa6 Nxa6 21. Qxa6
Qb4 22. Rcb1 Ra8 23. Qb5 Qxb5 24. Nxb5 Rfc8 25. b3 axb3 26. Rxa8 Rxa8 27. Rxb3
Nc4 28. Na7 1/2-1/2

[Event "BL 0809 Bayern München - Solinger SG"]
[Site "?"]
[Date "2008.11.29"]
[Round "5.6"]
[White "Reich, Thomas"]
[Black "Ragger, Markus"]
[Result "0-1"]
[WhiteElo "2404"]
[BlackElo "2518"]
[PlyCount "118"]
[EventDate "2008.??.??"]

1. d4 d5 2. c4 e6 3. cxd5 exd5 4. Nc3 c6 5. Nf3 Nf6 6. Bg5 h6 7. Bh4 Bf5 8. e3
Qb6 9. Bd3 Qxb2 10. O-O Bg4 11. Ne2 Nbd7 12. Rb1 Qxa2 13. Rxb7 Bd6 14. Qc1 O-O
15. Qxc6 Qa3 16. Qa6 Qxa6 17. Bxa6 Nb6 18. Ra1 Bc8 19. Bxf6 gxf6 20. g3 Rd8 21.
Nc3 Bxb7 22. Bxb7 Rab8 23. Ba6 Bb4 24. Nb5 Rd7 25. Nh4 Nc4 26. Nf5 Kh7 27. Ra2
h5 28. Nxa7 Rc7 29. Nb5 Rc6 30. Na7 Rc7 31. Nb5 Rc6 32. Na7 Rcb6 33. e4 Ra8 34.
exd5 Na5 35. Bd3 Rxa7 36. Ne7+ Kg7 37. Nc8 Rab7 38. Nxb6 Rxb6 39. Rb2 Nb7 40.
h4 Bc5 41. Rxb6 Bxb6 42. Kg2 Bxd4 43. Be2 Kg6 44. Bd3+ f5 45. Be2 Nd6 46. Bd3
Bc5 47. Bc2 Ne4 48. f3 Nf6 49. Bb3 Bd6 50. Kh3 Bb4 51. Ba2 Bd6 52. Bb3 Kg7 53.
Ba2 f4 54. g4 hxg4+ 55. fxg4 f3 56. Bc4 Ne4 57. h5 Kh6 58. Kh4 Be7+ 59. g5+
Bxg5+ 0-1

[Event "BL 0809 Bayern München - Solinger SG"]
[Site "?"]
[Date "2008.11.29"]
[Round "5.7"]
[White "Ernst, Sipke"]
[Black "Meister, Peter"]
[Result "1-0"]
[WhiteElo "2576"]
[BlackElo "2388"]
[PlyCount "117"]
[EventDate "2008.??.??"]

1. Nf3 d5 2. c4 d4 3. b4 c5 4. e3 g6 5. bxc5 Nc6 6. exd4 Bg7 7. Nc3 Nxd4 8.
Nxd4 Bxd4 9. Rb1 Bxc3 10. dxc3 Qxd1+ 11. Kxd1 Bf5 12. Rb2 O-O-O+ 13. Ke1 Nf6
14. f3 Nd7 15. Be3 Nb8 16. g4 Be6 17. Be2 h5 18. Kf2 Nc6 19. Kg3 f6 20. h3 Rd7
21. Rhb1 f5 22. g5 Rhd8 23. f4 Rc7 24. Kf2 Rdd7 25. Rb5 Bf7 26. Bf1 Bg8 27.
R5b3 Bf7 28. Ra3 Kb8 29. Be2 Bg8 30. Ra4 Bf7 31. Bf3 Kc8 32. Bd4 Nxd4 33. cxd4
Rxd4 34. Rxa7 Bxc4 35. Ra8+ Kd7 36. Rxb7 Bd5 37. Rxc7+ Kxc7 38. Bxd5 Rxd5 39.
Ra6 Rxc5 40. Rxg6 Rc3 41. Re6 Kd7 42. Re3 Rc4 43. Kg3 Ke8 44. Re5 h4+ 45. Kxh4
Rxf4+ 46. Kh5 Kf7 47. h4 e6 48. Rb5 Ke7 49. a3 Rg4 50. Rb7+ Kd6 51. Rb4 Rg3 52.
Kg6 Rg4 53. Rb6+ Kd5 54. h5 f4 55. Rb5+ Ke4 56. h6 f3 57. h7 f2 58. h8=Q f1=Q
59. Rb4+ 1-0

[Event "BL 0809 Bayern München - Solinger SG"]
[Site "?"]
[Date "2008.11.29"]
[Round "5.8"]
[White "Unzicker, Ferdinand Dr"]
[Black "Gabriel, Christian"]
[Result "1/2-1/2"]
[WhiteElo "2313"]
[BlackElo "2509"]
[PlyCount "70"]
[EventDate "2008.??.??"]

1. d4 d5 2. c4 dxc4 3. Nf3 Nf6 4. e3 e6 5. Bxc4 c5 6. Qe2 cxd4 7. exd4 a6 8.
O-O b5 9. Bb3 Be7 10. Re1 Nc6 11. Be3 O-O 12. Nc3 Bb7 13. Rad1 Nb4 14. Bc1 Nbd5
15. Ne4 Nxe4 16. Qxe4 Rc8 17. Ne5 Bg5 18. Qg4 Bxc1 19. Rxc1 Qd6 20. Nd3 Nf6 21.
Qh4 Rxc1 22. Nxc1 Rd8 23. Ne2 Qb4 24. Rd1 a5 25. Qg3 a4 26. Qc7 Rd7 27. Qb8+
Qf8 28. Qxf8+ Kxf8 29. Bc2 Rc7 30. Bd3 b4 31. f3 a3 32. Rb1 Bd5 33. bxa3 bxa3
34. Rb4 Bxa2 35. Ra4 Nd5 1/2-1/2

[Event "BL 0809 TV Tegernsee - SV Wattenscheid"]
[Site "?"]
[Date "2008.11.29"]
[Round "5.1"]
[White "Najer, Evgeniy"]
[Black "Volokitin, Andrei"]
[Result "0-1"]
[WhiteElo "2682"]
[BlackElo "2659"]
[PlyCount "74"]
[EventDate "2008.??.??"]

1. e4 e5 2. Nf3 Nf6 3. Nc3 Nc6 4. g3 Bc5 5. Bg2 d6 6. d3 a6 7. O-O h6 8. Be3
Bxe3 9. fxe3 Bg4 10. Qd2 Bxf3 11. Rxf3 Ne7 12. Raf1 h5 13. h4 Neg8 14. Bh3 c6
15. d4 Nh6 16. Bf5 Qe7 17. Qd3 O-O 18. d5 c5 19. Nb1 b5 20. Nd2 c4 21. Qe2 Qc7
22. c3 Qc5 23. Kh1 Nhg4 24. Re1 g6 25. Bxg4 Nxg4 26. Rff1 f5 27. exf5 gxf5 28.
Qf3 Rf6 29. Re2 Raf8 30. Rd1 e4 31. Qf4 Rg6 32. b3 Qxd5 33. bxc4 bxc4 34. Ree1
Ne5 35. Rg1 Nd3 36. Qf1 Qe6 37. Qe2 f4 0-1

[Event "BL 0809 TV Tegernsee - SV Wattenscheid"]
[Site "?"]
[Date "2008.11.29"]
[Round "5.3"]
[White "Rustemov, Alexander"]
[Black "Sokolov, Andrei"]
[Result "0-1"]
[WhiteElo "2520"]
[BlackElo "2559"]
[PlyCount "76"]
[EventDate "2008.??.??"]

1. Nf3 Nf6 2. c4 e6 3. Nc3 Bb4 4. Qc2 d6 5. a3 Bxc3 6. Qxc3 e5 7. d4 e4 8. Nd2
O-O 9. e3 c5 10. dxc5 dxc5 11. b4 Re8 12. Bb2 Nc6 13. Nb3 cxb4 14. axb4 Qe7 15.
b5 Ne5 16. b6 a6 17. Ra5 Nc6 18. Rg5 h6 19. Rg3 Kh7 20. Be2 Bf5 21. O-O Bg6 22.
h4 Ne5 23. Na5 Qc5 24. Qd4 Qxa5 25. Ra1 Qb4 26. Ba3 Qb3 27. Bd6 Nc6 28. Qd2
Qxb6 29. Qc3 Rad8 30. Rd1 Qa5 31. Qb2 Rd7 32. c5 Qd8 33. h5 Bxh5 34. Rxg7+ Kxg7
35. Bxh5 Re5 36. g4 Rxc5 37. Bf8+ Kxf8 38. Rxd7 Nxd7 0-1